| 000 | 00662nam a2200229Ia 4500 | ||
|---|---|---|---|
| 008 | 160803s9999 xx 000 0 und d | ||
| 020 | _a978-0590425995 | ||
| 100 | _aEvslin, Bernard | ||
| 245 | 4 | _aThe adventures of Ulysses / | |
| 245 | _cBernard Evslin ; illustrated by William Hunter. | ||
| 260 | _aNew York : | ||
| 260 | _bScholastic Inc. | ||
| 260 | _c1969 | ||
| 300 | _a179 pages ; | ||
| 300 | _c18 cm. | ||
| 650 | _aAnglais (Langue) -- | ||
| 650 | _aMythology, Greek. | ||
| 650 | _aOdysseus (Greek mythology) | ||
| 650 | _aOdysseus, -- King of Ithaca (Mythological character) | ||
| 650 | _xLectures et morceaux choisis. | ||
| 700 | _a820 | ||
| 999 |
_c298498 _d298498 |
||